000 nam a22 7a 4500
999 _c9252
_d9252
008 180125b ||||| |||| 00| 0 eng d
100 _aSharma N
_92117
245 _aMaterial Marvels
260 _aNew Delhi
_bNPT
_c1999